The mountains of the Mediterranean world : an environmental history

Αποθηκεύτηκε σε:
Λεπτομέρειες βιβλιογραφικής εγγραφής
Κύριος συγγραφέας: McNeill, John Robert
Μορφή: Βιβλίο
Γλώσσα:English
Δημοσίευση: Cambridge ; New York : Cambridge University Press, 2002
Σειρά:Studies in environment and history
Θέματα:
Ετικέτες: Προσθήκη ετικέτας
Δεν υπάρχουν, Καταχωρήστε ετικέτα πρώτοι!

MARC

LEADER 00000cam a2200000 i 4500
001 1/75882
008 050509s2002 eng d
020 |a 0-521-52288-9 
035 |l 10077826 
040 |a GR-MY-UA  |b gre  |e aacr 
041 0 |a eng 
082 0 |a 333.7313  |2 (21) 
100 1 |a McNeill, John Robert. 
245 1 4 |a The mountains of the Mediterranean world :  |b an environmental history /  |c J. R. McNeil 
260 |a Cambridge ; New York :   |b Cambridge University Press,   |c 2002 
300 |a xvii, 423 σ.;  |b εικ., χαρτ.;  |c 24 εκ. 
490 1 |a Studies in environment and history 
504 |a Περιέχει βιβλιογραφία και ευρετήριο 
650 0 0 |a Nature  |x Effect of human beings on  |z Mediterranean Region. 
650 0 0 |a Deforestation  |z Mediterranean Region. 
650 0 0 |a Soil erosion  |z Mediterranean Region. 
650 0 0 |a Landscape changes  |z Mediterranean Region. 
650 0 0 |a Mountain ecology  |z Mediterranean Region. 
830 0 |a Studies in environment and history 
852 |a INST  |b LESVOS  |e 20050509  |h 333.7313 MCN  |p 005100027573  |q 005100027573  |t BK  |y 0 
901 |a BIBL1-2005-2 
909 |a Λ  |b 116461 
922 |a 1ΕΛΗ  |b 200411  |c ΕΠΕΑΕΚ2/ΤΓ  |d ΜΙΧΑΛΟΠΟΥΛΟΣ 
950 |a 118-2004-09-22 
970 |a ΚΑΡΑ  |b ΓΙΑΣΕΜΗ  |z 2005/05/23